000 02074nam a22001937a 4500
003 OSt
005 20220107122838.0
008 180524b xxu||||| |||| 00| 0 eng d
040 _cIIITMK
100 _aNidisha Joshy K J (92216017)
_914040
245 _aFIRE OPS (Anomaly detection and correlation)
300 _aMSC DA 2016-2018
500 _a“Fire Ops” is an internal platform of UST Global for the anomaly detection and resolution internal IT infrastructure. Fire Ops is a 3-stage project in which aims at the complete automation in the field of anomaly detection. Fire Ops aims at making a self-learning anomaly detection system in involving the process of “Unsupervised Learning” in the Machine Learning and their algorithms to learn and understand the pattern of the CPU utilization and memory utilization. The first stage of this project is to detect anomaly from different types of logs such as system logs, IOT logs, server log, application log etc. In this project we use ELK stack for anomaly detection. ELK stack is the acronym for three open source projects: Elasticsearch, Logstash, Kibana. In our project elasticsearch act as database, Logstash is a platform used for log parsing with the help of grok debugger, Kibana lets users visualize data with charts and graphs in elasticsearch. When an anomaly is detected an alert is send to an email id with the help of a watcher. The second stage of this project is to find the root cause of each anomaly. For that, here we used some of the modules: Auto discovery, CMDB, Dependency Mapping, Correlation and Root cause analysis. In this project, we are using adaptive threshold method because it learns automatically. This project is useful for it infrastructure, healthcare, business etc. The future scope of our project is to predict and forecast the future patterns, availability and performance of an infrastructure.
502 _bMSC DA
_c2016-2018
_dINT
_eDr. Manoj Kumar T K
650 _aFIRE OPS
_914041
650 _aELK STACK
_914042
650 _aMACHINE LEARNING
_914043
942 _2ddc
_cPR
999 _c6057
_d6057